000 00918nam a2200277 i 4500
001 16035
003 ES-MaACL
005 20250816062525.0
007 t|
008 000617s1999 sp ||||0| spa j
020 _a84-8307-178-9
040 _aM-BN
_bspa
_cM-BN
080 _a330.342.14(091)
100 1 _aHirschman, Albert O.
_963815
245 1 4 _aLas pasiones y los intereses
_b: argumentos políticos en favor del capitalismo previos a su triunfo /
_cAlbert O. Hirschman ; traducción de Joan Solé.
250 _a1ª ed.
260 _aBarcelona :
_bPenínsula,
_c1999.
300 _a175 p. ;
_c21 cm.
490 1 _aHistoria, ciencia, sociedad ;
_v279
650 _aCapitalismo-
_vHistoria.
_9158177
700 1 _aSolé, Joan.
_9107119
830 0 0 _aHistoria, ciencia, sociedad (Península)
_v279
_9177444
852 _aES-MaACL
_jL-23341
_bR.128455
999 _c16035
_d16035